International journal of business and economics

Detalles Bibliográficos
Autor Corporativo: Fengjia da xue
Formato: Desconocido
Lenguaje:inglés
Publicado: Taichung, Taiwan : International Journal of Business and Economics,
Acceso en línea:Acceso restringido

MARC

LEADER 00000ny a22000003n 4500
005 20110516105024.0
008 030211c20029999ch tr p s 0 0eng c
022 |a 1607-0704 
035 |a 5160 
040 |a MnMULS  |d vLex 
050 4 |a HB1.A1  |b I584 
050 4 |a HB1.A1  |b I584 
050 4 |a WMLC 2008/00209 
082 0 4 |a 330 
090 |c 1930  |d 1930 
245 3 0 |a International journal of business and economics  |h [Recurso electrn̤ico] 
256 |a Servicio en ln̕ea 
260 |a Taichung, Taiwan :  |b International Journal of Business and Economics, 
310 |a Three no. a year 
506 1 |a Contenido solo disponible en los productos indicados  |d vLex Global  |d vLex Global (Academic Edition, excluding Law Schools)  |d vLex Global (U.S. Academic Edition, excluding Law Schools) 
710 2 |a Fengjia da xue 
740 |a vLex Revista (Servicios en ln̕ea) 
843 |a Electrn̤ica. Abierta 
853 |8 1  |i (year)  |j (month)  |k (day) 
856 4 0 |z Acceso restringido  |u http://vlex.com/account/login_ip?fuente_id=5160 
942 |c REV 
999 0 |a Economics  |v Periodicals 
999 0 |a International economic relations  |v Periodicals